Código Civil para el Distrito Federal /

Guardado en:
Detalles Bibliográficos
Autor corporativo: México
Formato: Libro
Idioma:Español
Publicado: México : Porrúa, 1986, c1986
Etiquetas: Agrega una etiqueta
Sin etiquetas, Sé el primero en etiquetar este registro!

MARC

LEADER 00000nam^a2200000^a^4500
001 000582319
005 20250521000000.0
009 20260310132627.026
037 |a Acervo ITESO - Biblioteca 
041 |a ESP 
091 |a FLG. 01202 
110 |a México 
245 1 0 |a Código Civil para el Distrito Federal / 
264 4 |a México :  |b Porrúa,  |c 1986, c1986 
300 |a 692 p. 
336 |a texto  |b txt  |2 rdacontenido 
337 |a sin mediación  |b n  |2 rdamedio 
338 |a volumen  |b nc  |2 rdasoporte 
649 |a XX 
910 |a Fondo Luis González de Alba 
920 |a Impresos - Libros 
930 |a Fondos Especiales 
905 |a 141 
901 |a 0500397506  |b IT2  |c ESP  |i D103378  |u 20250521 
902 |a https://opac.biblio.iteso.mx/vufind/Record/000582319